00606cam a2200193Ia 450000100090000000300060000900500170001500800410003202000310007304000230010408200150012710000190014224500580016125000200021926000760023930000200031550400400033560000370037518447103OCoLC20190109181251.0880906t19821977ilu b 000 0 eng d a0842345523 (pbk.) :c$2.50 aAZDcAZDdSLCdBGU a225bM478m1 aMcDowell, Josh10aMore than a carpenter /cJosh McDowellbnew testament aLiving Books ed acarol streambLiving Books, Tyndal house publishing house/c1982, c1977 a230 p. ;c18 cm aIncludes bibliographical references00aJesus ChristxPerson and offices